00774nam a22001217a 4500008004100000050002000041100014100061245031900202260004700521300002200568650003900590650002300629190520b xxu||||| |||| 00| 0 eng d aL 107b.A2 2001 a International Conference on Transformation of Higher Education Management and Leadership for Efficacy in Africa (2001 : Nairobi, Kenya) aAbstracts of the International Conference on Transformation of Higher Education Management and Leadership for Efficacy in Africa : November 12-16, 2001b November 12-16, 2001 /c International Conference on Transformation of Higher Education Management and Leadership for Efficacy in Africa (2001 : Nairobi, Kenya) aNairobi, Kenya :bKenya University,c2001. aiii,74p. ;c20cm. aEducation, HighervAdministration. aEducation, Higher.